000 00530nam a2200181Ia 4500
999 _c16771
_d16771
003 OSt
005 20200606120004.0
008 190216s9999||||xx |||||||||||||| ||und||
020 _a8189790431
040 _cMESKC library
082 _a891.431
_bARU/A
100 _aSharma, Yogendranath
_9207
245 0 _aAkshar Akshar Ho Amar /
_cYogendranath Sharma Arun
260 _bHindi Sahitya Niketan,
_c2010.
_aBijnor:
300 _a144p
650 _aHindi
942 _cBK
_2ddc
_h891.431
_iARU/A
_k891.431
_mARU/A